Sports Quiz

Random Sports or NHL Quiz

NHL Save Percentage Leaders Of All Time Quiz Stats

 Plays Quiz not verified by Sporcle

Score 0/25 Timer 10:00
1 Play Today
Hint Answer % Correct
0.922 Czech RepublicDominik Hasek
98.6%
0.918 SwedenHenrik Lundqvist
87.5%
0.919 FinlandPekka Rinne
83.3%
0.921 FinlandTuukka Rask
80.6%
0.918 CanadaCarey Price
80.6%
0.919 CanadaRoberto Luongo
77.8%
0.918 DenmarkFrederik Andersen
76.4%
0.920 United StatesTim Thomas
75%
0.919 RussiaSergei Bobrovsky
73.6%
0.918 CanadaBraden Holtby
73.6%
0.915 United StatesRyan Miller
69.4%
0.921 United StatesBen Bishop
66.7%
0.919 RussiaAndrei Vasilevskiy
62.5%
Hint Answer % Correct
0.916 SlovakiaJaroslav Halak
62.5%
0.921 United StatesJohn Gibson
61.1%
0.918 CanadaCorey Crawford
61.1%
0.916 RussiaSemyon Varlamov
61.1%
0.917 Czech RepublicTomáš Vokoun
56.9%
0.918 SwedenRobin Lehner
52.8%
0.916 CanadaDevan Dubnyk
52.8%
0.919 United StatesCory Schneider
50%
0.916 United StatesConnor Hellebuyck
41.7%
0.922 CanadaKen Dryden
40.3%
0.919 Czech RepublicRoman Cechmánek
36.1%
0.915 CanadaBernie Parent
20.8%

You're not logged in!

Compare scores with friends on all Sporcle quizzes.
OR
Log In

Show Comments

Extras

Top Quizzes Today


Score Distribution

Your Account Isn't Verified!

In order to create a playlist on Sporcle, you need to verify the email address you used during registration. Go to your Sporcle Settings to finish the process.

Report this User

Report this user for behavior that violates our Community Guidelines.

Details: